[Event "19. Open de Sants Hostafrancs 2017"]
[Site "Barcelona ESP"]
[Date "2017.08.23"]
[Round "6.4"]
[White "Karthik, Venkataraman"]
[Black "Dobrov, Vladimir"]
[Result "1/2-1/2"]
[WhiteElo "2316"]
[BlackElo "2510"]
[PlyCount "141"]
[EventDate "2017.08.18"]
[EventType "swiss"]
[EventRounds "10"]
[EventCountry "ESP"]
[SourceTitle "Ajedrez en Madrid"]
[Source "lmi"]
[SourceDate "2017.08.18"]

1. d4 Nf6 2. c4 e6 3. g3 Bb4+ 4. Bd2 Qe7 5. Nf3 Nc6 6. Nc3 O-O 7. Bg2 d6 8. O-O
Bxc3 9. Bxc3 Ne4 10. Be1 f5 11. Qc2 e5 12. d5 Nb8 13. Nh4 Ng5 14. f4 exf4 15.
Rxf4 g6 16. Bc3 Nd7 17. Raf1 Nf6 18. Qd3 Bd7 19. Qd4 c5 20. dxc6 bxc6 21. Rd1
Rad8 22. Qxa7 c5 23. Bxf6 Rxf6 24. Qa5 Re8 25. Rf2 Ne4 26. Bxe4 Qxe4 27. Qc3
Bc6 28. Qf3 Qc2 29. Qd3 Qxb2 30. Rdf1 Qe5 31. Nf3 Qe7 32. Rd1 Re6 33. Kf1 Qf6
34. Qd2 Rd8 35. Qa5 Qe7 36. a3 Re8 37. Qd2 Rd8 38. Qc3 Re4 39. Qb3 Re3 40. Qb6
Ba8 41. a4 Re4 42. Qb3 Re8 43. Qd3 Re6 44. a5 Qc7 45. Qd2 Qb7 46. Qf4 Qb2 47.
Re1 Qa2 48. Ng5 Re5 49. Qh4 R5e7 50. Qf4 Rd7 51. g4 Be4 52. gxf5 Bxf5 53. e4
Qxc4+ 54. Ree2 Rde7 55. Kg1 h6 56. Rc2 hxg5 57. Rxc4 gxf4 58. exf5 gxf5 59.
Rcxf4 Ra8 60. Rd2 Rg7+ 61. Kf2 Rg6 62. Rxf5 Rxa5 63. h4 Kg7 64. h5 Re6 65. Kf3
Kh6 66. Rfd5 Ra3+ 67. Kg4 Rf6 68. Rxd6 Ra4+ 69. Kg3 Ra3+ 70. Kg4 Ra4+ 71. Kg3
1/2-1/2

[Event "19. Open de Sants Hostafrancs 2017"]
[Site "Barcelona ESP"]
[Date "2017.08.23"]
[Round "6.5"]
[White "Salomon, Johan"]
[Black "Salinas Herrera, Pablo"]
[Result "1/2-1/2"]
[WhiteElo "2488"]
[BlackElo "2411"]
[PlyCount "95"]
[EventDate "2017.08.18"]
[EventType "swiss"]
[EventRounds "10"]
[EventCountry "ESP"]
[SourceTitle "Ajedrez en Madrid"]
[Source "lmi"]
[SourceDate "2017.08.18"]

1. d4 d5 2. c4 c6 3. Nf3 Nf6 4. g3 Bg4 5. Ne5 Bf5 6. cxd5 cxd5 7. Nc3 Nc6 8. f3
Rc8 9. Bg2 Bg6 10. Be3 e6 11. Nxg6 hxg6 12. O-O Be7 13. Bf2 O-O 14. Rc1 Na5 15.
e4 Bb4 16. e5 Bxc3 17. bxc3 Ne8 18. h4 Nc7 19. f4 Nb5 20. Qd3 Rc4 21. a4 Na3
22. g4 Qd7 23. Be1 Nb3 24. Rd1 Rxa4 25. f5 Nc4 26. Rb1 Nba5 27. f6 Nc6 28. Bg3
Rc8 29. h5 N4xe5 30. Qd1 Rc4 31. Bxe5 Nxe5 32. dxe5 gxh5 33. gxh5 Qc7 34. Qe2
Qc5+ 35. Rf2 b6 36. Qf3 Rxc3 37. Qg4 Qf8 38. Bf1 Kh8 39. Rg2 gxf6 40. Qf4 f5
41. Qg5 Kh7 42. Qf6 Rh3 43. Rbb2 Rcc3 44. Rbf2 a5 45. Rxf5 exf5 46. Qxf5+ Kh8
47. Qf6+ Kh7 48. Qf5+ 1/2-1/2

[Event "19. Open de Sants Hostafrancs 2017"]
[Site "Barcelona ESP"]
[Date "2017.08.23"]
[Round "6.6"]
[White "Moroni, Luca Jr"]
[Black "Mascaro March, Pedro"]
[Result "1-0"]
[WhiteElo "2476"]
[BlackElo "2387"]
[PlyCount "65"]
[EventDate "2017.08.18"]
[EventType "swiss"]
[EventRounds "10"]
[EventCountry "ESP"]
[SourceTitle "Ajedrez en Madrid"]
[Source "lmi"]
[SourceDate "2017.08.18"]

1. d4 Nf6 2. Nf3 c5 3. c4 cxd4 4. Nxd4 b6 5. f3 Bb7 6. e4 d6 7. Nc3 g6 8. Be3
Bg7 9. Be2 O-O 10. O-O Nbd7 11. Rc1 a6 12. Qd2 Re8 13. Rfd1 e6 14. Nc2 Bf8 15.
Bf4 Ne5 16. Bg5 Ned7 17. b4 Qc7 18. a3 Be7 19. Nd4 Rac8 20. Bf1 Qb8 21. Nb3
Red8 22. Be3 Ba8 23. Kh1 h5 24. Bf2 Re8 25. h3 Red8 26. Qe3 Re8 27. Qd4 Bc6 28.
Bg3 Ne5 29. c5 bxc5 30. bxc5 dxc5 31. Nxc5 Nxf3 32. Qf2 Bxc5 33. Qxf3 1-0

[Event "19. Open de Sants Hostafrancs 2017"]
[Site "Barcelona ESP"]
[Date "2017.08.23"]
[Round "6.7"]
[White "Oparin, Grigoriy"]
[Black "Rizouk, Aimen"]
[Result "1/2-1/2"]
[WhiteElo "2609"]
[BlackElo "2433"]
[PlyCount "97"]
[EventDate "2017.08.18"]
[EventType "swiss"]
[EventRounds "10"]
[EventCountry "ESP"]
[SourceTitle "Ajedrez en Madrid"]
[Source "lmi"]
[SourceDate "2017.08.18"]

1. Nf3 Nf6 2. g3 d5 3. Bg2 e6 4. O-O Be7 5. d3 c5 6. Nbd2 Nc6 7. e4 b6 8. Re1
Bb7 9. e5 Nd7 10. Nf1 Qc7 11. Bf4 h6 12. h4 b5 13. a4 bxa4 14. Rxa4 a5 15. Ne3
Nb6 16. Ra1 a4 17. h5 d4 18. Ng4 Nb4 19. Bd2 Qd7 20. Qb1 Ra6 21. Rd1 Nc6 22. c3
dxc3 23. bxc3 Na5 24. c4 Nb3 25. Ra3 O-O 26. Be3 Rd8 27. Qc2 Nd4 28. Bxd4 cxd4
29. Ra2 a3 30. Nd2 Bxg2 31. Kxg2 Na4 32. Ne4 Rb8 33. c5 Nc3 34. Rda1 Nxa2 35.
Rxa2 Qd5 36. Kh2 Qb3 37. Qd2 Qb2 38. Rxb2 axb2 39. Nxh6+ Kh7 40. Qf4 b1=Q 41.
Qxf7 Ra1 42. Kh3 Qf1+ 43. Kg4 Qe2+ 44. f3 Rf1 45. Qg6+ Kh8 46. Nf7+ Kg8 47.
Nh6+ Kh8 48. Nf7+ Kg8 49. Nh6+ 1/2-1/2

[Event "19. Open de Sants Hostafrancs 2017"]
[Site "Barcelona ESP"]
[Date "2017.08.23"]
[Round "6.8"]
[White "Vocaturo, Daniele"]
[Black "Cruz, Jonathan"]
[Result "1-0"]
[WhiteElo "2596"]
[BlackElo "2424"]
[PlyCount "107"]
[EventDate "2017.08.18"]
[EventType "swiss"]
[EventRounds "10"]
[EventCountry "ESP"]
[SourceTitle "Ajedrez en Madrid"]
[Source "lmi"]
[SourceDate "2017.08.18"]

1. e4 e5 2. Nf3 Nf6 3. Nxe5 d6 4. Nf3 Nxe4 5. Nc3 Nf6 6. d4 Be7 7. h3 Bf5 8.
Nh4 Be6 9. Bd3 Nc6 10. Nf5 Bf8 11. Qe2 d5 12. Bg5 Qd7 13. Bxf6 gxf6 14. a3
O-O-O 15. Qf3 Bc5 16. O-O-O Bb6 17. Ne2 Kb8 18. c3 Na5 19. Ne3 Qe7 20. Nf4 Qd6
21. Bc2 Ka8 22. Kb1 c5 23. dxc5 Bxc5 24. Nexd5 Nc4 25. Nxe6 fxe6 26. Ne3 Qa6
27. Nxc4 Qxc4 28. Rxd8+ Rxd8 29. Qxf6 Rf8 30. Rd1 a6 31. Rd8+ Rxd8 32. Qxd8+
Ka7 33. Qd1 h6 34. f3 e5 35. Be4 Qb5 36. Qd5 Bf2 37. Qxb5 axb5 38. g4 Bh4 39.
Bg6 Kb6 40. Kc2 Kc5 41. Kd3 Bg5 42. Be8 b4 43. cxb4+ Kd6 44. a4 Bc1 45. b3 Bg5
46. Kc4 Bh4 47. Bg6 Be1 48. Be4 Kc7 49. a5 Kb8 50. Kb5 Kc7 51. Ka4 b6 52. a6
b5+ 53. Kxb5 Bf2 54. h4 1-0

[Event "19. Open de Sants Hostafrancs 2017"]
[Site "Barcelona ESP"]
[Date "2017.08.23"]
[Round "6.9"]
[White "Petrosyan, Tigran S"]
[Black "Heimann, Andreas"]
[Result "1/2-1/2"]
[WhiteElo "2430"]
[BlackElo "2591"]
[PlyCount "68"]
[EventDate "2017.08.18"]
[EventType "swiss"]
[EventRounds "10"]
[EventCountry "ESP"]
[SourceTitle "Ajedrez en Madrid"]
[Source "lmi"]
[SourceDate "2017.08.18"]

1. Nf3 Nf6 2. c4 c5 3. d4 cxd4 4. Nxd4 Nc6 5. Nc3 e6 6. g3 Qb6 7. Nb3 Ne5 8. e4
Bb4 9. Qe2 d6 10. Bd2 O-O 11. f4 Nc6 12. Bg2 a5 13. Be3 Qd8 14. a3 Bxc3+ 15.
bxc3 e5 16. f5 b6 17. Rb1 Ba6 18. Nd2 Nd7 19. O-O f6 20. g4 Rc8 21. Rf3 a4 22.
Qf2 Na5 23. Rxb6 Bxc4 24. Rxd6 Qe7 25. Nxc4 Nxc4 26. Rd1 Rc7 27. Bf1 Nxe3 28.
Qa2+ Qf7 29. Qxf7+ Kxf7 30. Rxe3 Rb8 31. Bc4+ Rxc4 32. Rxd7+ Kg8 33. Ra7 h6 34.
h3 Rb3 1/2-1/2

[Event "19. Open de Sants Hostafrancs 2017"]
[Site "Barcelona ESP"]
[Date "2017.08.23"]
[Round "6.10"]
[White "Tari, Aryan"]
[Black "Suarez Uriel, Adrian"]
[Result "0-1"]
[WhiteElo "2591"]
[BlackElo "2406"]
[PlyCount "58"]
[EventDate "2017.08.18"]
[EventType "swiss"]
[EventRounds "10"]
[EventCountry "ESP"]
[SourceTitle "Ajedrez en Madrid"]
[Source "lmi"]
[SourceDate "2017.08.18"]

1. d4 Nf6 2. c4 g6 3. Nc3 d5 4. Bg5 Ne4 5. Bh4 Nxc3 6. bxc3 dxc4 7. e3 Be6 8.
Be2 Bg7 9. Nh3 c5 10. Nf4 Bf5 11. Qa4+ Nc6 12. O-O cxd4 13. cxd4 O-O 14. Bxc4
a6 15. Bd5 Qd6 16. Rac1 Bd7 17. Qb3 e6 18. Bf3 Nxd4 19. exd4 Qxf4 20. Be7 Rfc8
21. Rxc8+ Rxc8 22. Qxb7 Qc7 23. Qxa6 Bxd4 24. g3 Qb8 25. Qd3 e5 26. Rb1 Qa7 27.
Rb7 Qxa2 28. Qf1 Bh3 29. Bg2 Bxg2 0-1

[Event "19. Open de Sants Hostafrancs 2017"]
[Site "Barcelona ESP"]
[Date "2017.08.23"]
[Round "6.11"]
[White "Krysa, Leandro"]
[Black "Mihajlov, Sebastian"]
[Result "1-0"]
[WhiteElo "2537"]
[BlackElo "2399"]
[PlyCount "87"]
[EventDate "2017.08.18"]
[EventType "swiss"]
[EventRounds "10"]
[EventCountry "ESP"]
[SourceTitle "Ajedrez en Madrid"]
[Source "lmi"]
[SourceDate "2017.08.18"]

1. Nf3 Nf6 2. g3 g6 3. Bg2 Bg7 4. d4 O-O 5. c4 d6 6. O-O Nc6 7. Nc3 Bf5 8. Ne1
Qc8 9. e4 Bh3 10. Nc2 a6 11. f3 Bxg2 12. Kxg2 Na5 13. b3 c5 14. Be3 cxd4 15.
Nxd4 Nc6 16. Rc1 Nxd4 17. Bxd4 Qd8 18. Qd2 Rc8 19. Rf2 e6 20. Rd1 Rc6 21. Qb2
Qc8 22. Rfd2 e5 23. Be3 b5 24. Rxd6 bxc4 25. b4 Rxd6 26. Rxd6 Rd8 27. Rxd8+
Qxd8 28. a4 Qd3 29. Kf2 Bf8 30. b5 axb5 31. axb5 Nd7 32. Qd2 f5 33. Qxd3 cxd3
34. Ke1 Kf7 35. Kd2 Ke6 36. Kxd3 Bb4 37. Nd5 Ba5 38. Kc4 Kd6 39. Bc1 fxe4 40.
fxe4 Bb6 41. Ba3+ Bc5 42. Bxc5+ Nxc5 43. Nf6 Ne6 44. Nxh7 1-0

[Event "19. Open de Sants Hostafrancs 2017"]
[Site "Barcelona ESP"]
[Date "2017.08.23"]
[Round "6.12"]
[White "Ferreira, Jorge Viterbo"]
[Black "Pfreundt, Jakob"]
[Result "1/2-1/2"]
[WhiteElo "2499"]
[BlackElo "2388"]
[PlyCount "58"]
[EventDate "2017.08.18"]
[EventType "swiss"]
[EventRounds "10"]
[EventCountry "ESP"]
[SourceTitle "Ajedrez en Madrid"]
[Source "lmi"]
[SourceDate "2017.08.18"]

1. e4 e5 2. Nf3 Nc6 3. Bc4 Bc5 4. O-O Nf6 5. d3 O-O 6. h3 h6 7. c3 d6 8. Bb3
Re8 9. Re1 a6 10. Nbd2 Be6 11. Bxe6 Rxe6 12. Nb3 Ba7 13. Be3 Re8 14. Qc2 d5 15.
exd5 Qxd5 16. Bxa7 Nxa7 17. Re3 Re6 18. c4 Qd6 19. d4 exd4 20. Rxe6 Qxe6 21.
Nbxd4 Qd6 22. Nf5 Qf4 23. Re1 Nc6 24. Re3 g6 25. Ne7+ Nxe7 26. Rxe7 Rd8 27. Re1
Qd6 28. Qb3 b6 29. Qc3 c5 1/2-1/2

[Event "19. Open de Sants Hostafrancs 2017"]
[Site "Barcelona ESP"]
[Date "2017.08.23"]
[Round "6.13"]
[White "Debray, Christopher"]
[Black "Munoz, Miguel"]
[Result "0-1"]
[WhiteElo "2358"]
[BlackElo "2497"]
[PlyCount "98"]
[EventDate "2017.08.18"]
[EventType "swiss"]
[EventRounds "10"]
[EventCountry "ESP"]
[SourceTitle "Ajedrez en Madrid"]
[Source "lmi"]
[SourceDate "2017.08.18"]

1. e4 d5 2. exd5 Qxd5 3. Nc3 Qa5 4. d4 Nf6 5. Bd2 Qb6 6. Nf3 Bg4 7. h3 Bxf3 8.
Qxf3 Nc6 9. d5 Nd4 10. Qd3 e5 11. Na4 Qd6 12. c3 b5 13. cxd4 bxa4 14. Qb5+ Nd7
15. Qxa4 Qxd5 16. Bc4 Qe4+ 17. Be3 c6 18. dxe5 Nc5 19. Bxf7+ Kxf7 20. Qxe4 Nxe4
21. Rc1 Re8 22. Rxc6 Bb4+ 23. Ke2 Rxe5 24. Rc7+ Re7 25. Rhc1 a5 26. a3 Bd6 27.
Rxe7+ Kxe7 28. Rc4 Nf6 29. Ra4 Rb8 30. Rxa5 Rxb2+ 31. Kf3 Rb3 32. a4 Ke6 33.
Ra7 Bf8 34. Ke2 Nd5 35. Bd2 Nc3+ 36. Bxc3 Rxc3 37. f4 h5 38. Ra5 h4 39. Rg5 Kf6
40. Rh5 Be7 41. Rxh4 Kf5 42. Rg4 Bf6 43. Kf2 Ra3 44. Kg1 Rxa4 45. Rg3 Ra1+ 46.
Kh2 Kxf4 47. Rb3 Be5 48. g3+ Ke4 49. h4 Kf5 0-1

[Event "19. Open de Sants Hostafrancs 2017"]
[Site "Barcelona ESP"]
[Date "2017.08.23"]
[Round "6.14"]
[White "Souleidis, Georgios"]
[Black "Praggnanandhaa, R."]
[Result "0-1"]
[WhiteElo "2397"]
[BlackElo "2487"]
[PlyCount "86"]
[EventDate "2017.08.18"]
[EventType "swiss"]
[EventRounds "10"]
[EventCountry "ESP"]
[SourceTitle "Ajedrez en Madrid"]
[Source "lmi"]
[SourceDate "2017.08.18"]

1. e4 e5 2. Nf3 Nc6 3. Bc4 Nf6 4. d3 Bc5 5. c3 O-O 6. Nbd2 a6 7. O-O d6 8. Bb3
Re8 9. h3 h6 10. Re1 Be6 11. Bc2 Ba7 12. Nf1 d5 13. exd5 Nxd5 14. Ng3 Qd6 15.
Nh4 Qd8 16. Nf3 Qd6 17. Nh4 Qe7 18. Nf3 Rad8 19. Bd2 Qd6 20. Nh4 Nf4 21. Ngf5
Bxf5 22. Nxf5 Qg6 23. Bxf4 Bxf2+ 24. Kxf2 Qxf5 25. Qg4 Qxf4+ 26. Qxf4 exf4 27.
d4 Ne7 28. Kf3 g5 29. h4 Kg7 30. hxg5 hxg5 31. Re5 f6 32. Re2 Ng6 33. Rae1 Rxe2
34. Rxe2 Rh8 35. Bxg6 Kxg6 36. Re7 Rh7 37. Re8 Kf5 38. a4 Rh1 39. g4+ fxg3 40.
Kxg3 Rg1+ 41. Kf3 g4+ 42. Kf2 Rb1 43. b4 Kf4 0-1

[Event "19. Open de Sants Hostafrancs 2017"]
[Site "Barcelona ESP"]
[Date "2017.08.23"]
[Round "6.15"]
[White "Mons, Leon"]
[Black "Pogorelov, Ruslan"]
[Result "1-0"]
[WhiteElo "2483"]
[BlackElo "2348"]
[PlyCount "81"]
[EventDate "2017.08.18"]
[EventType "swiss"]
[EventRounds "10"]
[EventCountry "ESP"]
[SourceTitle "Ajedrez en Madrid"]
[Source "lmi"]
[SourceDate "2017.08.18"]

1. d4 Nf6 2. Nf3 e6 3. e3 b6 4. Bd3 Bb7 5. O-O c5 6. c4 Be7 7. Nc3 cxd4 8. exd4
d5 9. cxd5 Nxd5 10. Ne5 O-O 11. Qg4 f5 12. Qe2 Bf6 13. Bc4 Re8 14. Rd1 a6 15.
Be3 b5 16. Bb3 Nxc3 17. bxc3 Bd5 18. Nd3 Nc6 19. Nf4 Na5 20. Bxd5 exd5 21. Qf3
Re4 22. Nd3 g6 23. Nc5 Re8 24. g3 Nc4 25. Bf4 a5 26. Re1 Rxe1+ 27. Rxe1 Rc8 28.
h4 Be7 29. Bg5 Bxg5 30. hxg5 Nd2 31. Qe2 Ne4 32. Qxb5 Qxg5 33. Qb7 Rxc5 34.
dxc5 Qd2 35. Rf1 f4 36. Qb8+ Kg7 37. Qxf4 Qxc3 38. Rb1 g5 39. Rb7+ Kh6 40. Rb6+
Kh5 41. g4+ 1-0

[Event "19. Open de Sants Hostafrancs 2017"]
[Site "Barcelona ESP"]
[Date "2017.08.23"]
[Round "6.16"]
[White "Neef, Maximilian"]
[Black "Escalante Ramirez, Brian Sebas"]
[Result "1-0"]
[WhiteElo "2451"]
[BlackElo "2326"]
[PlyCount "131"]
[EventDate "2017.08.18"]
[EventType "swiss"]
[EventRounds "10"]
[EventCountry "ESP"]
[SourceTitle "Ajedrez en Madrid"]
[Source "lmi"]
[SourceDate "2017.08.18"]

1. Nf3 d6 2. d4 g6 3. g3 Nf6 4. Bg2 Bg7 5. b3 O-O 6. Bb2 a5 7. O-O a4 8. c4
axb3 9. axb3 Rxa1 10. Bxa1 c6 11. Nbd2 Qa5 12. Qc2 Qh5 13. Bc3 Bh3 14. Ra1 Na6
15. Ra5 d5 16. b4 Bxg2 17. Kxg2 Qg4 18. b5 Nc7 19. bxc6 bxc6 20. Ra7 Ne6 21. e3
dxc4 22. Nxc4 Re8 23. Nce5 Qe4 24. Qxe4 Nxe4 25. Ba5 c5 26. d5 Nf8 27. Nc4 f5
28. Rc7 Bf6 29. Nfd2 Nc3 30. Rxc5 Nd7 31. Rc7 Nb8 32. Bxc3 Bxc3 33. Nf3 Na6 34.
Ra7 Nb4 35. d6 exd6 36. Nxd6 Re6 37. Nf7 Bg7 38. N3g5 Re8 39. Nd6 Rb8 40. Ne6
Bf6 41. h4 Nc6 42. Rc7 Ne5 43. h5 Ng4 44. Ra7 gxh5 45. Ra2 h4 46. Nxf5 hxg3 47.
Kxg3 Ne5 48. Ra7 Nf7 49. f4 Re8 50. Ra6 Bc3 51. Kf3 Rb8 52. Ra7 Bf6 53. Ra6 Bb2
54. Nc7 Nd8 55. Nd5 Kf7 56. Ra7+ Kg8 57. Nh6+ Kh8 58. Re7 Nc6 59. Rc7 Nd8 60.
e4 Ne6 61. Re7 Nd4+ 62. Kg4 Ne2 63. e5 Ba3 64. Ra7 Bc5 65. Rc7 Bb6 66. Rd7 1-0

[Event "19. Open de Sants Hostafrancs 2017"]
[Site "Barcelona ESP"]
[Date "2017.08.23"]
[Round "6.17"]
[White "Diaz Camallonga, Carles"]
[Black "Groetzbach, Julian"]
[Result "1-0"]
[WhiteElo "2437"]
[BlackElo "2251"]
[PlyCount "85"]
[EventDate "2017.08.18"]
[EventType "swiss"]
[EventRounds "10"]
[EventCountry "ESP"]
[SourceTitle "Ajedrez en Madrid"]
[Source "lmi"]
[SourceDate "2017.08.18"]

1. e4 c5 2. Nf3 d6 3. Bb5+ Bd7 4. Bxd7+ Nxd7 5. O-O Ngf6 6. Qe2 Rc8 7. b3 g6 8.
Bb2 Bg7 9. d4 cxd4 10. Nxd4 O-O 11. c4 Nc5 12. Nc3 Nfd7 13. Rad1 Re8 14. Kh1 a6
15. Qe3 Nf6 16. f3 Qb6 17. Qe2 e6 18. Rfe1 Qc7 19. Qd2 Red8 20. Nc2 Ne8 21. Ne3
Qe7 22. Ne2 Bxb2 23. Qxb2 Nf6 24. Qd4 b5 25. cxb5 axb5 26. Nc3 Rb8 27. b4 e5
28. Qd2 Ne6 29. Ned5 Nxd5 30. Nxd5 Qf8 31. Rc1 Rbc8 32. Qd3 Nd4 33. f4 Kg7 34.
h3 Rxc1 35. Rxc1 Rc8 36. Rf1 Rc2 37. Qg3 Ne2 38. Qh4 Nxf4 39. Qf6+ Kh6 40. Nxf4
exf4 41. Rxf4 Rc1+ 42. Kh2 Qb8 43. Rh4# 1-0

[Event "19. Open de Sants Hostafrancs 2017"]
[Site "Barcelona ESP"]
[Date "2017.08.23"]
[Round "6.18"]
[White "Moussard, Jules"]
[Black "Wang, Jiaqi"]
[Result "1-0"]
[WhiteElo "2571"]
[BlackElo "2033"]
[PlyCount "89"]
[EventDate "2017.08.18"]
[EventType "swiss"]
[EventRounds "10"]
[EventCountry "ESP"]
[SourceTitle "Ajedrez en Madrid"]
[Source "lmi"]
[SourceDate "2017.08.18"]

1. Nf3 Nf6 2. g3 b6 3. Bg2 Bb7 4. O-O e6 5. d4 Be7 6. c4 O-O 7. Nc3 Ne4 8. Bd2
Bf6 9. Nxe4 Bxe4 10. Bc3 d5 11. Qb3 c6 12. Rfc1 Nd7 13. cxd5 exd5 14. Qa4 c5
15. dxc5 Nxc5 16. Bxf6 Qxf6 17. Qd4 Qe7 18. Rd1 Rfe8 19. Rac1 Rad8 20. Qc3 g6
21. Bf1 Na4 22. Qd4 Bxf3 23. exf3 Nc5 24. Bb5 Rf8 25. h4 Ne6 26. Qe5 Qb4 27.
Bc6 d4 28. b3 d3 29. Kg2 Nd4 30. Be4 Rfe8 31. Qc7 Qa3 32. Bxd3 Qe7 33. Qxe7
Rxe7 34. Bc4 Kg7 35. f4 Red7 36. h5 gxh5 37. Rh1 b5 38. Bf1 Rd5 39. Rc7 a5 40.
a4 bxa4 41. bxa4 Kg6 42. Bd3+ f5 43. g4 Ne6 44. Bxf5+ Kf6 45. Rc6 1-0

[Event "19. Open de Sants Hostafrancs 2017"]
[Site "Barcelona ESP"]
[Date "2017.08.23"]
[Round "6.19"]
[White "Stephan, Victor"]
[Black "Delchev, Aleksander"]
[Result "0-1"]
[WhiteElo "2350"]
[BlackElo "2577"]
[PlyCount "118"]
[EventDate "2017.08.18"]
[EventType "swiss"]
[EventRounds "10"]
[EventCountry "ESP"]
[SourceTitle "Ajedrez en Madrid"]
[Source "lmi"]
[SourceDate "2017.08.18"]

1. d4 Nf6 2. c4 e6 3. Nc3 Bb4 4. Qc2 d6 5. Bg5 Nbd7 6. a3 Bxc3+ 7. Qxc3 h6 8.
Bh4 b6 9. e3 Bb7 10. Ne2 g5 11. Bg3 h5 12. f3 h4 13. Bf2 h3 14. e4 hxg2 15.
Bxg2 Qe7 16. O-O-O O-O-O 17. b4 g4 18. Ng3 gxf3 19. Bxf3 Ng4 20. Bxg4 Qg5+ 21.
Rd2 Qxg4 22. c5 dxc5 23. dxc5 bxc5 24. bxc5 Nb8 25. Rhd1 Nc6 26. Qf6 Rdf8 27.
Be3 Qg6 28. Rf1 Ba6 29. Qxg6 fxg6 30. Rxf8+ Rxf8 31. Rf2 Rxf2 32. Bxf2 Ne5 33.
Kc2 Kd7 34. h4 Kc6 35. h5 gxh5 36. Nxh5 Bd3+ 37. Kc3 Bxe4 38. Nf6 Bf5 39. Bg3
Nf3 40. Kb4 e5 41. Ne8 Bc8 42. Nf6 Be6 43. Ne8 Bf5 44. Nf6 e4 45. Bf4 Ne1 46.
Kc3 Ng2 47. Bg3 e3 48. Ne8 Bg6 49. Nxc7 e2 50. Kd2 e1=Q+ 51. Bxe1 Kxc7 52. Bf2
Kc6 53. Kc3 Nf4 54. Be3 Nd5+ 55. Kd4 Nxe3 56. Kxe3 Kxc5 57. Kd2 Kc4 58. Kc1 Kb3
59. a4 a5 0-1

[Event "19. Open de Sants Hostafrancs 2017"]
[Site "Barcelona ESP"]
[Date "2017.08.23"]
[Round "6.20"]
[White "Kleinman, Michael"]
[Black "Ortiz Suarez, Isan Reynaldo"]
[Result "1/2-1/2"]
[WhiteElo "2340"]
[BlackElo "2556"]
[PlyCount "50"]
[EventDate "2017.08.18"]
[EventType "swiss"]
[EventRounds "10"]
[EventCountry "ESP"]
[SourceTitle "Ajedrez en Madrid"]
[Source "lmi"]
[SourceDate "2017.08.18"]

1. e4 c5 2. Nf3 e6 3. c4 Nc6 4. Nc3 e5 5. d3 d6 6. a3 g6 7. Nd5 Bg7 8. b4 b6 9.
Be2 Nce7 10. O-O Nxd5 11. cxd5 Ne7 12. Nd2 O-O 13. Nc4 f5 14. bxc5 bxc5 15. Qa4
f4 16. Bd2 Rf6 17. Qa5 Qd7 18. f3 g5 19. Rfb1 Bf8 20. Qb5 h5 21. Qxd7 Bxd7 22.
a4 Ng6 23. Rb2 Rf7 24. Bd1 g4 25. Be1 Rg7 1/2-1/2

[Event "19. Open de Sants Hostafrancs 2017"]
[Site "Barcelona ESP"]
[Date "2017.08.23"]
[Round "6.21"]
[White "Schroeder, Jan-christian"]
[Black "Morales, Jhon Alexander"]
[Result "1-0"]
[WhiteElo "2539"]
[BlackElo "2343"]
[PlyCount "69"]
[EventDate "2017.08.18"]
[EventType "swiss"]
[EventRounds "10"]
[EventCountry "ESP"]
[SourceTitle "Ajedrez en Madrid"]
[Source "lmi"]
[SourceDate "2017.08.18"]

1. e4 c5 2. Nf3 d6 3. d4 cxd4 4. Nxd4 Nf6 5. Nc3 Nc6 6. Bg5 e6 7. Qd2 a6 8.
O-O-O Bd7 9. f4 Be7 10. Nf3 b5 11. Bxf6 gxf6 12. Kb1 Qb6 13. f5 O-O-O 14. g3
Kb8 15. Bh3 Bc8 16. Qh6 Qc5 17. Rhe1 Rhg8 18. Rd2 Ne5 19. Nd4 Nc4 20. Rd3 Ne5
21. Rdd1 b4 22. Na4 Qa5 23. b3 Bf8 24. Qxf6 Bg7 25. Qh4 Bd7 26. Nb2 Qc5 27. Qf4
Bh8 28. fxe6 fxe6 29. Nxe6 Qc3 30. Qc1 Bxe6 31. Bxe6 Rgf8 32. Na4 Qc7 33. Rf1
Qg7 34. c3 Nf3 35. Qe3 1-0

[Event "19. Open de Sants Hostafrancs 2017"]
[Site "Barcelona ESP"]
[Date "2017.08.23"]
[Round "6.22"]
[White "Lemeaux, David"]
[Black "Novikov, Stanislav"]
[Result "0-1"]
[WhiteElo "2339"]
[BlackElo "2538"]
[PlyCount "62"]
[EventDate "2017.08.18"]
[EventType "swiss"]
[EventRounds "10"]
[EventCountry "ESP"]
[SourceTitle "Ajedrez en Madrid"]
[Source "lmi"]
[SourceDate "2017.08.18"]

1. d4 g6 2. c4 Bg7 3. e4 d6 4. Nc3 c6 5. Nf3 Bg4 6. Be2 Bxf3 7. Bxf3 Qb6 8. d5
Nf6 9. O-O Nfd7 10. Qc2 a5 11. Be3 Qc7 12. Rac1 Na6 13. Qd2 O-O 14. Be2 Nac5
15. Bd3 a4 16. Bb1 Qa5 17. Bh6 Qb4 18. Bxg7 Kxg7 19. Qe2 Ne5 20. f4 Nxc4 21. a3
Qb6 22. Qxc4 Nd3+ 23. Kh1 Nxc1 24. Rxc1 Qxb2 25. Qf1 Rfc8 26. Rc2 Qxa3 27. f5
cxd5 28. Nxd5 Rxc2 29. Bxc2 Qb2 30. Nxe7 a3 31. f6+ Qxf6 0-1

[Event "19. Open de Sants Hostafrancs 2017"]
[Site "Barcelona ESP"]
[Date "2017.08.23"]
[Round "6.23"]
[White "Vera Siguenas, Deivy"]
[Black "Colon Garcia, Enrique"]
[Result "1-0"]
[WhiteElo "2525"]
[BlackElo "2342"]
[PlyCount "91"]
[EventDate "2017.08.18"]
[EventType "swiss"]
[EventRounds "10"]
[EventCountry "ESP"]
[SourceTitle "Ajedrez en Madrid"]
[Source "lmi"]
[SourceDate "2017.08.18"]

1. e4 c5 2. Nf3 d6 3. Bb5+ Nd7 4. d4 cxd4 5. Qxd4 a6 6. Bxd7+ Bxd7 7. O-O e5 8.
Qd3 h6 9. c4 Nf6 10. Nc3 Be7 11. a4 Be6 12. b3 Rc8 13. Ba3 Nd7 14. Nd5 Nc5 15.
Bxc5 Rxc5 16. Ne3 O-O 17. Rfd1 g6 18. Qe2 Qb6 19. Rab1 a5 20. Ne1 Kh7 21. Nd3
Rcc8 22. Kh1 Bg5 23. Nc2 Qc6 24. Na3 f5 25. f3 fxe4 26. fxe4 h5 27. h3 b6 28.
Nb5 Rcd8 29. Rf1 Kg7 30. Rxf8 Rxf8 31. Rd1 Be7 32. Qe3 Kh7 33. Nc3 Qb7 34. Ne1
g5 35. Nf3 Rg8 36. Nd5 g4 37. Ng1 Bg5 38. Qf2 Kg7 39. Rf1 Qb8 40. h4 Bd8 41.
Ne2 Qb7 42. Ng3 Kg6 43. Nf5 Qd7 44. Qd2 Rh8 45. Nxb6 Qc6 46. Nd5 1-0

[Event "19. Open de Sants Hostafrancs 2017"]
[Site "Barcelona ESP"]
[Date "2017.08.23"]
[Round "6.24"]
[White "Hertneck, Gerald"]
[Black "Mordechai, Hanan"]
[Result "1/2-1/2"]
[WhiteElo "2498"]
[BlackElo "2326"]
[PlyCount "90"]
[EventDate "2017.08.18"]
[EventType "swiss"]
[EventRounds "10"]
[EventCountry "ESP"]
[SourceTitle "Ajedrez en Madrid"]
[Source "lmi"]
[SourceDate "2017.08.18"]

1. d4 Nf6 2. Nf3 g6 3. c4 Bg7 4. Nc3 O-O 5. e4 d6 6. Be2 e5 7. O-O Nc6 8. d5
Ne7 9. b4 a5 10. Ba3 axb4 11. Bxb4 b6 12. a4 Re8 13. Qd2 c5 14. Ba3 Rf8 15.
Rfb1 Ne8 16. Bc1 Ra6 17. Rb3 f5 18. Qb2 Bd7 19. Ng5 Nc8 20. a5 bxa5 21. Rba3 h6
22. Nf3 f4 23. h3 g5 24. Nh2 Nf6 25. Qa2 h5 26. Rxa5 Rb6 27. f3 Bh6 28. Ra8 Qe7
29. Rb1 Rb4 30. Rb8 Rxb8 31. Rxb8 Qg7 32. Rb7 g4 33. hxg4 hxg4 34. Nxg4 Nxg4
35. fxg4 f3 36. Bxh6 f2+ 37. Kf1 Qxh6 38. Bf3 Qh1+ 39. Kxf2 Bxg4 40. Qd2 Rxf3+
41. gxf3 Qxf3+ 42. Kg1 Qg3+ 43. Qg2 Qe1+ 44. Qf1 Qg3+ 45. Qg2 Qe1+ 1/2-1/2